Top 5 Biggest Allies of every country 3# - Statistics

General Stats
  • This quiz has been taken 76 times
  • The average score is 53 of 75
Answer Stats
Answer % Correct
United States
98%
United States
98%
United States
98%
United States
98%
United Kingdom
97%
United Kingdom
97%
Russia
95%
Russia
95%
Russia
95%
France
90%
France
90%
France
90%
France
90%
France
90%
Germany
90%
Germany
90%
Brazil
87%
North Korea
87%
Greece
85%
Poland
84%
Poland
84%
Mexico
82%
Mexico
82%
Mexico
82%
Portugal
82%
Slovakia
82%
Spain
80%
Austria
79%
Australia
77%
Australia
77%
Peru
77%
Venezuela
77%
Hungary
75%
Italy
75%
Panama
75%
Panama
75%
Democratic Republic of the Congo
74%
Democratic Republic of the Congo
74%
Democratic Republic of the Congo
74%
Republic of the Congo
72%
Republic of the Congo
72%
New Zealand
70%
New Zealand
70%
China
67%
China
67%
China
67%
China
67%
Nicaragua
67%
Algeria
62%
Pakistan
61%
Serbia
61%
Angola
59%
Dominican Republic
59%
South Korea
59%
Cameroon
56%
Cameroon
56%
Cameroon
56%
Colombia
54%
Colombia
54%
Ireland
54%
Gabon
52%
Kenya
52%
Kenya
52%
Mozambique
52%
Tanzania
52%
Tanzania
52%
Chad
51%
Chad
51%
Central African Republic
49%
Chile
44%
Somalia
44%
Guinea-Bissau
41%
Sao Tome and Principe
36%
Oman
28%
Puerto Rico
7%
No matching quizzes found
Score Distribution
Percent of People with Each Score
Percentile by Number Answered
Your Score History
You have not taken this quiz